000 nam a22 7a 4500
999 _c2426
_d2426
005 20170516122421.0
008 170516b1996 my ||||| |||| 00| 0 eng d
020 _a9679785491
040 _aAKMAL
082 _a520 MOH
090 _a520
_bMOH
100 0 _aMohammad Ilyas.
_95027
245 1 0 _a Islamic astronomy and science development :
_b glorious past, challenging future /
_cMohammad Ilyas
260 _a Petaling Jaya, Selangor Darul Ehsan, Malaysia :
_bPelanduk Publications,
_cc1996
300 _a xii, 147 p. :
_b ill. ;
_c 23 cm
504 _aIncludes bibliographical references (p. 133-139) and index.
650 0 _aAstronomy
_zIslamic countries.
_95028
650 0 _aScience
_z Islamic countries
_95029
650 0 _a Islam and science.
_9152
650 0 _aIslamic astronomy
_95030
942 _2ddc
_cBOOK